|
|
|
|
| LEADER |
00726nam a22001937a 4500 |
| 005 |
20160826095550.0 |
| 008 |
090922t xxu||||| |||| 00| 0 eng d |
| 082 |
|
|
|a 519.876.5
|b GOR;1
|
| 100 |
|
|
|a Gordon,Geoffrey
|9 185
|
| 245 |
|
|
|a System simulation
|
| 250 |
|
|
|a 2nd ed.
|
| 300 |
|
|
|a xii,324p.
|
| 653 |
|
|
|a System simulation
|
| 942 |
|
|
|c BK
|6 _
|
| 260 |
|
|
|a New Delhi
|b Prentice-Hall
|c 1997
|
| 020 |
|
|
|a 81-203-0140-4
|
| 999 |
|
|
|c 177754
|d 177754
|
| 952 |
|
|
|0 0
|1 0
|2 ddc
|4 0
|6 5198765_GOR1
|7 0
|9 229834
|a STA
|b STA
|c GEN
|d 2009-09-22
|l 8
|o 519.876.5 GOR;1
|p STA1111
|r 2016-06-08
|s 2015-09-16
|w 2009-09-22
|y BK
|
| 952 |
|
|
|0 0
|1 0
|2 ddc
|4 0
|6 5198765_GOR
|7 0
|9 229835
|a STA
|b STA
|c GEN
|d 2011-02-08
|l 1
|m 2
|o 519.876.5 GOR
|p STA1110
|r 2011-02-08
|s 2011-02-08
|w 2011-02-08
|y BK
|